000 01338nam a22003257a 4500
003 OSt
005 20230616144158.0
008 221006b |||||||| |||| 00| 0 eng d
040 _cBiblioteca Lado V
082 _a709.05
_bG851a
100 _9855
_aGriffin, Tim
_eeditor
245 _aArtforum/
_bInternacional/
260 _aNew York
_c2011
_bNew York editorial and business offices
300 _c26.5x27cm
_a256p.
366 _espa
490 _aFebrero
_v2011
_x0864-1315
505 _tLetters
505 _tCOLUMNS
_aFilm Media Slant Books Music Top Ten
505 _tFEATURES
_gJoint Ventures Group Think Corps Concept Somenthing for Everyone Statements Artist Project Dark Energy Close-up Coming of age Openings
505 _tReviews
650 _2Tesauro de Arte & Arquitectura
_aARTE COMTEMPORANEO
_9703
650 _2Tesauro de Arte & Arquitectura
_aFOTOGRAFIA
_9702
650 _2Tesauro de Arte & Arquitectura
_aARTE VISUAL
_9702
650 _2Tesauro de Arte & Arquitectura
_aLIBROS
650 _2Tesauro de Arte & Arquitectura
_aNOTICIAS
650 _2 Tesauro de Arte & Arquitectura
_aARTE INTERNACIONAL
650 _2 Tesauro de Arte & Arquitectura
_aESCULTURA
700 _aNavarreta, Jose Antonio
_eeditor
942 _2ddc
_c1
_h709.05
_iG851a
_n0
999 _c3876
_d3876